INTERNATIONAL RELATIONS (Record no. 34577)

MARC details
000 -LEADER
fixed length control field 00281nam a22001337a 4500
003 - CONTROL NUMBER IDENTIFIER
control field SGT
020 ## - INTERNATIONAL STANDARD BOOK NUMBER
International Standard Book Number 9364446313
082 ## - DEWEY DECIMAL CLASSIFICATION NUMBER
Classification number 327
Item number KUM
100 ## - MAIN ENTRY--PERSONAL NAME
Personal name KUMAR ASHOK
245 ## - TITLE STATEMENT
Title INTERNATIONAL RELATIONS
260 ## - PUBLICATION, DISTRIBUTION, ETC. (IMPRINT)
Place of publication, distribution, etc INDIA
Name of publisher, distributor, etc MC GRAW HILL
Year of Publication 2026
300 ## - PAGE DESCRIPTION
No. of Pages 325
942 ## - ADDED ENTRY ELEMENTS (KOHA)
Source of classification or shelving scheme Dewey Decimal Classification
Koha item type Books
Holdings
Withdrawn status Lost status Source of classification or shelving scheme Damaged status Not for loan Collection code Home library Current library Shelving location Date acquired SGTU Total Checkouts Full call number Accession No. (Barcode) Date last seen Bill Date Koha item type
    Dewey Decimal Classification     COMMERCE MANAGEMENT SGT Science & Social Sciences Library SGT Science & Social Sciences Library Text Book 08/04/2026 SGTU   327 KUM CM7476 08/04/2026 08/04/2026 Books
    Dewey Decimal Classification     COMMERCE MANAGEMENT SGT Science & Social Sciences Library SGT Science & Social Sciences Library Text Book 08/04/2026 SGTU   327 KUM CM7477 08/04/2026 08/04/2026 Books
    Dewey Decimal Classification     COMMERCE MANAGEMENT SGT Science & Social Sciences Library SGT Science & Social Sciences Library Text Book 08/04/2026 SGTU   327 KUM CM7478 08/04/2026 08/04/2026 Books
    Dewey Decimal Classification     COMMERCE MANAGEMENT SGT Science & Social Sciences Library SGT Science & Social Sciences Library Text Book 08/04/2026 SGTU   327 KUM CM7479 08/04/2026 08/04/2026 Books
    Dewey Decimal Classification     COMMERCE MANAGEMENT SGT Science & Social Sciences Library SGT Science & Social Sciences Library Text Book 08/04/2026 SGTU   327 KUM CM7480 08/04/2026 08/04/2026 Books